LIBRARY & INFORMATION CENTRE, KCAET, TAVANUR

ONLINE PUBLIC ACCESS CATALOGUE (OPAC)

Production Ttechnology (Record no. 13608)

MARC details
000 -LEADER
fixed length control field 00380cam a2200133ua 4500
020 ## - INTERNATIONAL STANDARD BOOK NUMBER
ISBN 8174090991
082 ## - DEWEY DECIMAL CLASSIFICATION NUMBER
Classification number 670.
Item number JAI/PR
100 ## - MAIN ENTRY--AUTHOR NAME
Personal name Jain, R.K,
245 ## - TITLE STATEMENT
Title Production Ttechnology
250 ## - EDITION STATEMENT
Edition statement 17 th
260 ## - PUBLICATION, DISTRIBUTION, ETC. (IMPRINT)
Place of publication Delhi
Name of publisher Khanna Publishers
Year of publication 2010
300 ## - PHYSICAL DESCRIPTION
Number of Pages 1090.
942 ## - ADDED ENTRY ELEMENTS (KOHA)
Koha item type Books
Holdings
Withdrawn status Lost status Damaged status Collection code Home library Current library Shelving location Date acquired Source of acquisition Cost, normal purchase price Full call number Accession Number Koha item type
        KAUAET KAUAET Scheme 29/08/2016 Penta Books Distributors, Calicut. 450.00 670. JAI/PR BB 152 Book Bank scheme for SC students
        KAUAET KAUAET Scheme 29/08/2016 Penta Books Distributors, Calicut. 450.00 670. JAI/PR BB 153 Book Bank scheme for SC students
free website counter